Skupinové zpracování dokumentů

Bibliographic Details
Main Authors: Vodičková, Hana, 1932-2016 (Author), Hochová, Eva (Author)
Format: Book
Language:Czech
PhysicalDescription:42 s.
Published: Praha Ústředí vědeckých, technických a ekonomických informací 1981

MARC

LEADER 00000nam a2200000 a 4500
001 vtls001303437
003 SK-MaSNL
005 20260301155649.0
008 240313s1981 xr 0 cze
035 |a SNK000255595 
040 |a SNK  |b slo  |c SNK  |e AACR2 
041 0 |a cze 
044 |a xr  |c CZ 
100 1 |a Vodičková, Hana,  |d 1932-2016  |4 aut  |9 263044 
245 1 0 |a Skupinové zpracování dokumentů  |c Hana Vodičková, Eva Hochová 
260 |a Praha  |b Ústředí vědeckých, technických a ekonomických informací  |c 1981 
300 |a 42 s. 
700 1 |a Hochová, Eva  |4 aut  |9 520178 
852 |a Slovenská národná knižnica v Martine  |h IC 86412 
958 |a OND 
999 |c 802136  |d 804066 
952 |a SNK  |b SNK  |y VYP  |7 0  |p 17A0098152  |o snkIC 86412 D3  |0 0  |1 1  |4 0  |d 1997-09-24  |l 0  |r 2005-01-02 00:00:00  |w 2026-02-24 
952 |a SNK  |b SNK  |y VYP  |7 0  |p 17A1315648  |o snkIC 86412 D1  |i snkKJP 13137/81  |0 0  |1 1  |4 0  |d 2020-08-04  |l 0  |r 2026-02-24 02:11:04  |w 2026-02-24 
952 |a SNK  |b SNK  |y VYP  |7 0  |p 17A1315649  |o snkIC 86412  |i snkKIP 12136/81  |0 0  |1 0  |4 0  |d 2020-08-04  |l 0  |r 2026-02-24 02:11:04  |w 2026-02-24